| 000 | 00603nam a2200193Ia 4500 | ||
|---|---|---|---|
| 003 | GCL | ||
| 008 | 140319s9999 xx 000 0 ara d | ||
| 040 |
_aGCL / _cGCL |
||
| 082 | 0 | 4 |
_a932 _bر ت |
| 100 | 1 | _aرمضان عبده على | |
| 245 | 1 | 0 |
_aتاريخ مصر القديم: منذ اقدم العصور حتى نهاية الاسرة الرابعة عشر / _cرمضان عبده على |
| 260 |
_a[S.N] : _bمطبعة الجبلاوى ، _c1977 |
||
| 300 | _a287 ص | ||
| 490 | _a | ||
| 650 | 0 | 4 | _aمصر |
| 650 | 0 | 4 | _aتاريخ |
| 650 | 0 | 4 | _aالعالم القديم |
| 942 |
_2ddc _cBK |
||
| 999 |
_c58850 _d58850 |
||